Estudis de lírica popular i lírica tradicional antigues / (Record no. 11122)

MARC details
000 -LEADER
campo de control de longitud fija 00762nam a2200241 i 4500
001 - NÚMERO DE CONTROL
campo de control 11122
003 - IDENTIFICADOR DE NÚMERO DE CONTROL
campo de control ES-MaACL
005 - FECHA Y HORA DE LA ÚLTIMA TRANSACCIÓN
campo de control 20230906150031.0
007 - CAMPO FIJO DE DESCRIPCIÓN FÍSICA--INFORMACIÓN GENERAL
campo de control de longitud fija t|
008 - DATOS DE LONGITUD FIJA--INFORMACIÓN GENERAL
campo de control de longitud fija 940125s1993 sp |||| | cat j
020 ## - NÚMERO INTERNACIONAL ESTÁNDAR DEL LIBRO
Número Internacional Estándar del Libro 84-7826-434-5
080 ## - NÚMERO DE LA CLASIFICACIÓN DECIMAL UNIVERSAL
Número de la Clasificación Decimal Universal 849.9-192.09"11/15"
100 1# - ENTRADA PRINCIPAL--NOMBRE DE PERSONA
Nombre de persona Romeu i Figueras, Josep.
9 (RLIN) 99462
245 10 - MENCIÓN DEL TÍTULO
Título Estudis de lírica popular i lírica tradicional antigues /
Mención de responsabilidad, etc. Josep Romeu i Figueras.
250 ## - MENCION DE EDICION
Mención de edición 1ª ed.
260 ## - PUBLICACIÓN, DISTRIBUCIÓN, ETC.
Lugar de publicación, distribución, etc. Barcelona :
Nombre del editor, distribuidor, etc. Abadia de Montserrat,
Fecha de publicación, distribución, etc. 1993.
300 ## - DESCRIPCIÓN FÍSICA
Extensión 234 p ;
Dimensiones 19 cm.
490 1# - MENCIÓN DE SERIE
Mención de serie Biblioteca Serra d'or ;
Designación de volumen o secuencia 125
650 14 - PUNTO DE ACCESO ADICIONAL DE MATERIA--TÉRMINO DE MATERIA
Término de materia o nombre geográfico como elemento de entrada Poesías populares-
Subdivisión geográfica Cataluña-
Subdivisión general Historia y crítica.
9 (RLIN) 168768
830 0# - PUNTO DE ACCESO ADICIONAL DE SERIE-TÍTULO UNIFORME
Título uniforme Biblioteca Serra d'or ;
Designación de volumen o secuencia 125
9 (RLIN) 178942
852 ## - LOCALIZACIÓN
Ubicación ES-MaACL
Número de control de estantería L-18371
Holdings
Estatus retirado Estado de pérdida Estado de daño No para préstamo Biblioteca de origen Biblioteca actual Ubicación en estantería Fecha de adquisición Fuente de adquisición Total de préstamos Signatura topográfica completa Código de barras Visto por última vez Precio de reemplazo Tipo de ítem Koha
        Biblioteca del Ateneo de Madrid Biblioteca del Ateneo de Madrid Depósito 2 17/01/2008     L-18371 1011342 23/02/2023 23/02/2023 Libro impreso